[Event "Challenge"]
[Site "http://www.queenalice.com/game.php?id=487505"]
[Date "2008.11.3"]
[Round "-"]
[White "Mr_E_Fudd"]
[Black "grazo"]
[Result "1-0"]
[WhiteElo "1718"]
[BlackElo "1894"]

1. e4 e6 2. d4 c6 3. Nc3 d5 4. Bf4 Nd7 5. g3 Bb4 6. Qf3 g5 7. Be3 Bxc3+ 8. bxc3
h6 9. h4 f6 10. hxg5 fxg5 11. Qh5+ Kf8 12. f4 Ngf6 13. Qf3 g4 14. Qe2 dxe4 15.
f5 e5 16. Bxh6+ Ke8 17. Qc4 Nb6 18. Qc5 Qc7 19. dxe5 Nfd7 20. Qd4 Qxe5 21. Rh4
Qxg3+ 22. Kd2 Ne5 23. Qxe4 Qf2+ 24. Qe2 Qxf5 25. Qe1 Be6 26. Kc1 Nf7 27. Bd3 Qf6
28. Rxg4 Nxh6 29. Re4 Kf7 30. Qg3 Rhg8 31. Qe1 Qg5+ 32. Kb2 Na4+ 33. Rxa4 c5 34.
Nf3 Qd5 35. Rf4+ Ke8 36. Rf6 Kd7 37. c4 Qc6 38. Ne5+ Ke7 39. Nxc6+ Kxf6 40. Qe5+
Kf7 41. Rf1+ Bf5 42. Qe7+ Kg6 43. Ne5+ Kh5 44. Rh1+ Bh3 45. Rxh3# 1-0

[Event "Challenge"]
[Site "http://www.queenalice.com/game.php?id=487510"]
[Date "2008.11.3"]
[Round "-"]
[White "grazo"]
[Black "Lindomar"]
[Result "0-1"]
[WhiteElo "1977"]
[BlackElo "1815"]

1. Nf3 d5 2. d4 Nf6 3. Bg5 Nbd7 4. e3 e6 5. Bb5 c6 6. Bd3 Be7 7. h3 Qb6 8. Qc1
h6 9. Bf4 O-O 10. Ne5 c5 11. Nxd7 Bxd7 12. c3 Rac8 13. Nd2 cxd4 14. exd4 Nh5 15.
Bh2 Bg5 16. g3 Rfe8 17. f4 Bf6 18. g4 Bh4+ 19. Kd1 Nf6 20. Nf3 Bf2 21. Rb1 Bb5
22. Bc2 Qa6 23. Qd2 Ne4 24. Bxe4 dxe4 25. Qxf2 exf3 26. Qxf3 Qxa2 27. Kd2 Bc6
28. Qf1 Bxh1 29. Qxh1 Qd5 30. Qe1 b5 31. g5 hxg5 32. fxg5 Qxg5+ 33. Kd1 b4 34.
h4 Qg4+ 35. Kc1 Qxd4 36. Be5 Qd3 37. Bd4 Qxd4 38. Qe2 bxc3 39. b3 c2 40. Rb2
Red8 41. Rxc2 Qa1# 0-1

[Event "Challenge"]
[Site "http://www.queenalice.com/game.php?id=487511"]
[Date "2008.11.3"]
[Round "-"]
[White "Lindomar"]
[Black "grazo"]
[Result "1-0"]
[WhiteElo "1886"]
[BlackElo "1977"]

1. d4 e6 2. e4 c5 3. c3 b6 4. g3 Nc6 5. Bg2 e5 6. d5 Nce7 7. Ne2 d6 8. O-O Bg4
9. c4 h6 10. Nbc3 a6 11. a3 f5 12. exf5 Nxf5 13. h3 Bxe2 14. Qxe2 Nd4 15. Qh5+
Ke7 16. Bg5+ Nf6 17. Ne4 Qe8 18. Bxf6+ gxf6 19. Qh4 Bg7 20. b4 cxb4 21. axb4 h5
22. c5 Nf5 23. cxd6+ Kf8 24. Nxf6 Nxh4 25. Nxe8 Rxe8 26. gxh4 Rh6 27. Rxa6 Rxd6
28. Rc1 Rb8 29. Rc7 Bf6 30. Rh7 Re8 31. Rxh5 e4 32. Ra7 Re7 33. Ra8+ Kf7 34.
Rh7+ Bg7 35. h5 Rh6 36. Rxh6 Bxh6 37. Rb8 Re5 38. Rxb6 Bf4 39. Re6 Rxd5 40. Rxe4
Rf5 41. Bf3 Bd6 42. Be2 Bxb4 43. Rxb4 Re5 44. Bg4 Re1+ 45. Kg2 Kg7 46. Rb6 Re7
47. h6+ Kh8 48. Kg3 Rc7 49. Bf5 Rf7 50. Rb8+ Rf8 51. Rxf8# 1-0

[Event "Challenge"]
[Site "http://www.queenalice.com/game.php?id=487513"]
[Date "2008.11.3"]
[Round "-"]
[White "grazo"]
[Black "Sphinxchess"]
[Result "1-0"]
[WhiteElo "1975"]
[BlackElo "1500"]

1. Nf3 d5 2. d4 e6 3. e3 c5 4. c4 Nc6 5. b3 g6 6. Ba3 Qa5+ 7. Qd2 cxd4 8. Qxa5
Nxa5 9. Bb2 Bg7 10. cxd5 exd5 11. Bxd4 Bxd4 12. Nxd4 Ne7 13. Nb5 Kd7 14. N1c3 a6
15. Nd4 b5 16. O-O-O Bb7 17. Nde2 b4 18. Na4 Bc6 19. Nb6+ Kc7 20. Nxa8+ Rxa8 21.
Nd4 Bb7 22. Kd2 Kd6 23. Bd3 Rc8 24. Rc1 f5 25. Rc2 Nec6 26. Rhc1 h5 27. h3 Rc7
28. g4 fxg4 29. Bxg6 gxh3 30. Bxh5 Rh7 31. Bf3 Nxd4 32. exd4 Rf7 33. Ke3 Nc6 34.
Bg4 Re7+ 35. Kd3 h2 36. f3 Rh7 37. Rh1 a5 38. Rhxh2 Ba6+ 39. Ke3 Re7+ 40. Kf2
Nxd4 41. Rh6+ Ke5 42. Rc1 Rf7 43. Rxa6 1-0

[Event "Challenge"]
[Site "http://www.queenalice.com/game.php?id=487514"]
[Date "2008.11.3"]
[Round "-"]
[White "Sphinxchess"]
[Black "grazo"]
[Result "1-0"]
[WhiteElo "1846"]
[BlackElo "1902"]

1. e4 d5 2. Nc3 d4 3. Nce2 e5 4. Ng3 g6 5. Nf3 Bd6 6. c3 dxc3 7. dxc3 h6 8. Bc4
Qe7 9. O-O Be6 10. Qe2 Nd7 11. Be3 Bc5 12. Bxc5 Nxc5 13. Nxe5 Bxc4 14. Nxc4 Nf6
15. f3 O-O 16. Rfd1 Ncd7 17. Rd2 Kg7 18. Rad1 Nb6 19. Nxb6 axb6 20. a3 Rfd8 21.
e5 Ng8 22. f4 Rxd2 23. Rxd2 Rd8 24. f5 Rxd2 25. f6+ Nxf6 26. exf6+ Qxf6 27. Qxd2
Qe6 28. Nf1 g5 29. h3 b5 30. Kh2 f6 31. Qe3 Qd6+ 32. g3 c6 33. b4 Qd7 34. Qd4
Qf5 35. Kg2 h5 36. Ne3 Qe6 37. Qd2 b6 38. Qf2 Qe4+ 39. Kh2 Kg6 40. Qc2 f5 41.
Qxe4 fxe4 42. g4 h4 43. Nc2 c5 44. Kg2 Kf6 45. Kf2 Ke5 46. Ke3 Kd5 47. bxc5 bxc5
48. c4+ bxc4 49. a4 c3 50. a5 Kc6 51. Kxe4 Kb5 52. Kd5 Kxa5 53. Kxc5 Ka6 54. Kc4
Kb6 55. Kxc3 Kc5 56. Ne3 Kd6 57. Kd4 Ke6 58. Nd5 Kf7 59. Ke5 Kg6 60. Ke6 Kg7 61.
Kf5 Kh6 62. Ne7 Kg7 63. Kxg5 Kh8 64. Kxh4 Kh7 65. Kh5 Kh8 66. g5 Kh7 67. g6+ Kh8
68. Nf5 Kg8 69. Kh6 Kh8 70. h4 Kg8 71. g7 Kf7 72. Kh7 Kf6 73. g8=Q Kxf5 74. h5
Kf6 75. Qe8 Kg5 76. Qg6+ Kf4 77. h6 Ke5 78. Kg8 Kd4 79. h7 Ke5 80. h8=Q+ Kf4 81.
Qd4+ Kf3 82. Qgd3+ Kg2 83. Qb2+ Kh1 84. Qdb1# 1-0

[Event "AUTO-ADV-974"]
[Site "http://www.queenalice.com/game.php?id=490265"]
[Date "2008.11.8"]
[Round "2"]
[White "magalhaes"]
[Black "grazo"]
[Result "0-1"]
[WhiteElo "1949"]
[BlackElo "1866"]

1. g3 d5 2. Bg2 f5 3. d4 e6 4. c4 Bb4+ 5. Bd2 Bxd2+ 6. Nxd2 c6 7. Ngf3 Nd7 8.
O-O Ngf6 9. Rc1 Ne4 10. cxd5 exd5 11. Ne5 Nxd2 12. Qxd2 Nxe5 13. dxe5 g5 14. Qc3
O-O 15. Qd2 f4 16. gxf4 Rxf4 17. e4 Be6 18. exd5 Bxd5 19. Qe3 Bxg2 20. Kxg2 Qd5+
21. f3 Qxa2 22. e6 Qxb2+ 23. Rf2 Qd4 24. Qb3 Qd5 25. Qxb7 Re8 26. e7 Rc4 27. Rb1
Qf7 28. Re2 Qg6 29. h3 h5 30. Qxa7 Qxb1 31. Qd7 Qg6 32. Qd8 g4 33. hxg4 hxg4 34.
f4 Rxf4 35. Re6 Qc2+ 36. Kg1 Qf2+ 37. Kh1 Qh4+ 38. Kg1 Qg3+ 39. Kh1 Rf1# 0-1

[Event "AUTO-ADV-974"]
[Site "http://www.queenalice.com/game.php?id=490266"]
[Date "2008.11.8"]
[Round "2"]
[White "grazo"]
[Black "magalhaes"]
[Result "1-0"]
[WhiteElo "1861"]
[BlackElo "1917"]

1. Nf3 Nc6 2. d4 d5 3. e3 a6 4. b3 Bf5 5. a3 h6 6. Nbd2 g5 7. c4 e6 8. c5 Bg7 9.
b4 Nf6 10. Qa4 Ne4 11. Nxe4 Bxe4 12. Ne5 Bxe5 13. dxe5 O-O 14. Bb2 g4 15. O-O-O
Qg5 16. Qb3 Nxe5 17. Bxe5 Qxe5 18. Rd4 Qf5 19. Rd2 Rad8 20. Bd3 Qe5 21. Bxe4
Qa1+ 22. Bb1 d4 23. e4 b6 24. Ra2 Qc3+ 25. Qxc3 dxc3 26. h3 f5 27. hxg4 fxg4 28.
Rxh6 Kg7 29. Rxe6 Rd4 30. cxb6 cxb6 31. Rc6 Rfd8 32. Rxc3 Rd1+ 33. Kb2 R8d2+ 34.
Rc2 Rd4 35. Rc7+ Kf6 36. Rc6+ Ke5 37. g3 R4d2+ 38. Ka1 Rd4 39. Re2 R1d3 40. Bxd3
Rxd3 41. Rxb6 Rxa3+ 42. Kb2 Rd3 43. Rxa6 Rd4 44. Kc3 Rd1 45. Ra5+ Ke6 46. e5
Rc1+ 47. Kd4 Rd1+ 48. Ke4 Rc1 49. Ra6+ Ke7 50. Kf5 Rc4 51. Ra7+ Kf8 52. Kf6 Ke8
53. e6 Kd8 54. Rd2+ Kc8 55. Rdd7 Rxb4 56. e7 Rb6+ 57. Kf7 Rf6+ 58. Kxf6 Kb8 59.
e8=R# 1-0

[Event "AUTO-ADV-974"]
[Site "http://www.queenalice.com/game.php?id=490269"]
[Date "2008.11.8"]
[Round "2"]
[White "zolaweed"]
[Black "grazo"]
[Result "1-0"]
[WhiteElo "1883"]
[BlackElo "1875"]

1. e4 c6 2. Nc3 e6 3. Be2 Qg5 4. Bf3 Bb4 5. Nge2 d5 6. d3 Qf6 7. O-O d4 8. Nb1
Bd6 9. Ng3 Qh4 10. Re1 Be5 11. Nf1 h6 12. g3 Qe7 13. Bd2 Nf6 14. a3 Nbd7 15. b4
Nh7 16. a4 Bd6 17. b5 c5 18. Na3 Ne5 19. Bg2 Qf6 20. h3 Ng6 21. Nh2 e5 22. Nc4
Bc7 23. h4 Ngf8 24. Rf1 Ne6 25. Ng4 Qe7 26. Ngxe5 Bxe5 27. Nxe5 Nef8 28. Nc4 b6
29. Bf4 Bb7 30. Nd6+ Kd8 31. Nxb7+ Qxb7 32. e5 Qc8 33. Qf3 Rb8 34. Qd5+ Qd7 35.
Qxd7+ Nxd7 36. Bd5 f6 37. e6 Ne5 38. Rae1 Ke7 39. Bxe5 fxe5 40. Rxe5 Rbd8 41.
Rfe1 Nf6 42. Bc4 Ne8 43. R1e4 Nd6 44. Rg4 Rhg8 45. h5 Nxc4 46. dxc4 Rd6 47. Rg6
d3 48. cxd3 Rxd3 49. Rd5 Rxd5 50. cxd5 Kd6 51. f4 Kxd5 52. f5 Rf8 53. e7 Rc8 54.
Rxg7 c4 55. Rg6 Ke5 56. f6 Ke6 57. Kf1 c3 58. f7+ Kxf7 59. e8=Q+ Rxe8 60. Rc6
Re3 61. Kf2 Rd3 62. g4 Rd4 63. Rxc3 Rxg4 64. Rc7+ Kf6 65. Rxa7 Kg5 66. Rg7+ Kxh5
67. Rxg4 Kxg4 68. a5 bxa5 69. b6 a4 70. b7 a3 71. b8=Q a2 72. Qb4+ Kg5 73. Qa5+
Kf4 74. Qxa2 h5 75. Qf7+ Kg5 76. Kg3 Kh6 77. Qf6+ Kh7 78. Kh4 Kg8 79. Kxh5 Kh7
80. Qe7+ Kh8 81. Kg6 1-0

[Event "AUTO-ADV-974"]
[Site "http://www.queenalice.com/game.php?id=490270"]
[Date "2008.11.8"]
[Round "2"]
[White "grazo"]
[Black "zolaweed"]
[Result "0-1"]
[WhiteElo "1902"]
[BlackElo "1813"]

1. Nf3 Nc6 2. d4 d5 3. h3 e6 4. e3 Be7 5. Bd3 Bf6 6. c3 Nge7 7. e4 O-O 8. e5
Bxe5 9. dxe5 a6 10. Bg5 h6 11. Bxe7 Qxe7 12. Nbd2 b5 13. h4 b4 14. c4 Rd8 15. b3
Na5 16. Nd4 h5 17. g4 Qc5 18. N4f3 dxc4 19. Bxc4 Bb7 20. gxh5 Nc6 21. O-O Nd4
22. Nxd4 Rxd4 23. f3 Rxd2+ 24. Rf2 Qxf2+ 0-1

[Event "AUTO-ADV-974"]
[Site "http://www.queenalice.com/game.php?id=490273"]
[Date "2008.11.8"]
[Round "2"]
[White "grazo"]
[Black "ignacius"]
[Result "0-1"]
[WhiteElo "1879"]
[BlackElo "2038"]

1. Nf3 d5 2. d4 Nf6 3. e3 c5 4. dxc5 a5 5. Bb5+ Nc6 6. a4 e6 7. Qd4 Bd7 8. Bxc6
Bxc6 9. Ne5 Ne4 10. Nd3 Qe7 11. Nd2 Nxc5 12. Nxc5 Qxc5 13. Nb3 Qxc2 14. Nd2 Qg6
15. O-O Bd6 16. f4 O-O 17. Nf3 f6 18. g3 e5 19. Qc3 Qg4 20. Kg2 exf4 21. exf4
Bb4 22. Qd3 b6 23. h3 Qd7 24. Be3 Bc5 25. Bxc5 bxc5 26. b3 d4 27. Ra2 Bd5 28.
Kh2 Rab8 29. Nd2 Qe6 30. Nc4 Bxc4 31. bxc4 Rb4 32. Rc1 Qe3 33. Qxe3 dxe3 34. Kg2
Re8 35. Kf3 e2 36. Rxe2 Rxe2 37. Kxe2 Rxa4 38. Kf3 f5 39. Rc3 Rb4 40. g4 g6 41.
gxf5 gxf5 42. Kg3 a4 43. Kh4 a3 44. Rxa3 Rxc4 45. Kg5 Rb4 46. Kxf5 Kg7 47. Ke5
c4 48. Kd4 c3+ 49. Kxc3 Rxf4 50. Kd2 h5 51. Ke2 Kg6 52. Ra6+ Kg5 53. Ra5+ Kh4
54. Ra3 Rf8 55. Re3 Rf4 56. Ke1 Kg5 57. Ke2 Kf5 58. Kd3 Kg5 59. Re5+ Kh4 60. Ke3
Rf1 61. Ke2 Rh1 62. Kf2 Rxh3 63. Re4+ Kg5 64. Kg2 Rh4 65. Re3 Rg4+ 66. Kh3 Rh4+
67. Kg3 Rd4 68. Re5+ Kg6 69. Ra5 Rd3+ 0-1

[Event "AUTO-ADV-974"]
[Site "http://www.queenalice.com/game.php?id=490274"]
[Date "2008.11.8"]
[Round "2"]
[White "ignacius"]
[Black "grazo"]
[Result "1-0"]
[WhiteElo "2061"]
[BlackElo "1879"]

1. d4 e6 2. c4 c5 3. d5 Ne7 4. e4 b6 5. Qa4 e5 6. Nf3 f6 7. Nc3 g5 8. Nb5 Ng6 9.
d6 Bxd6 10. Nxd6+ Kf8 11. Be2 Nc6 12. h4 h6 13. hxg5 h5 14. Nf5 d6 15. Qxc6 Bxf5
16. exf5 Nf4 17. Nh4 fxg5 18. Ng6+ Nxg6 19. fxg6 h4 20. Bxg5 Qe8 21. Qxd6+ Kg8
22. Rxh4 Rxh4 23. Bxh4 Rc8 24. Qd5+ Kg7 25. Bh5 a5 26. Qf7+ Qxf7 27. gxf7 Rh8
28. g4 e4 29. Be7 Rb8 30. Rd1 Rb7 31. f8=Q+ Kh7 32. Qf7+ Kh6 33. Qg6# 1-0

[Event "Challenge"]
[Site "http://www.queenalice.com/game.php?id=492898"]
[Date "2008.11.13"]
[Round "-"]
[White "grazo"]
[Black "merlin"]
[Result "1-0"]
[WhiteElo "1877"]
[BlackElo "1519"]

1. e4 e6 2. d4 d5 3. e5 c5 4. Bb5+ Bd7 5. Bxd7+ Qxd7 6. Nf3 cxd4 7. Qxd4 Nc6 8.
Qd3 Bc5 9. c3 d4 10. cxd4 Bxd4 11. Nxd4 Nxd4 12. Be3 Nf3+ 13. Ke2 Qxd3+ 14. Kxd3
Nxe5+ 15. Ke2 Ne7 16. Bd4 Nc4 17. g3 O-O 18. b3 Nf5 19. Bc3 Rfe8 20. bxc4 e5 21.
Nd2 Rad8 22. Nb3 e4 23. Nc5 b6 24. Na6 Rd3 25. Bd2 Nd4+ 26. Kd1 Nf3 27. Nc7 Re7
28. Nd5 Rxd2+ 29. Kc1 Rd7 30. Rd1 Rxd1+ 31. Kxd1 b5 32. Kc2 bxc4 33. Ne3 Ne5 34.
Rb1 g6 35. h3 Nd3 36. Ng4 f5 37. Nf6+ Kf7 38. Nxd7 Nxf2 39. Ne5+ Ke6 40. Nxc4
Nxh3 41. Rb7 Kd5 42. Kc3 g5 43. Ne3+ Ke6 44. Rxh7 Ng1 45. Kd2 Nf3+ 46. Kd1 f4
47. gxf4 gxf4 48. Ng2 Ng5 49. Rxa7 f3 50. Ne3 Nh3 51. Ke1 Nf4 52. Ra5 1-0

[Event "Challenge"]
[Site "http://www.queenalice.com/game.php?id=492899"]
[Date "2008.11.13"]
[Round "-"]
[White "merlin"]
[Black "grazo"]
[Result "0-1"]
[WhiteElo "1508"]
[BlackElo "1871"]

1. d4 e6 2. c4 c6 3. c5 b6 4. cxb6 axb6 5. Nf3 Bb7 6. Nc3 c5 7. dxc5 Bxf3 8.
exf3 Bxc5 9. Nb5 Nc6 10. a3 Nge7 11. Nd6+ Bxd6 12. Qxd6 Ra5 13. Bd2 Re5+ 14. Be2
Nf5 15. Qd3 Rd5 16. Qc3 f6 17. f4 Nfd4 18. Bf3 Rc5 19. Qd3 Nc2+ 20. Ke2 Nxa1 21.
Rxa1 e5 22. Qd6 Nd4+ 23. Kd3 Nxf3 24. gxf3 Rc6 25. Re1 Rxd6+ 0-1

[Event "AUTO-INT-928"]
[Site "http://www.queenalice.com/game.php?id=496804"]
[Date "2008.11.22"]
[Round "2"]
[White "grazo"]
[Black "DGFerguson"]
[Result "1-0"]
[WhiteElo "1827"]
[BlackElo "1550"]

1. Nf3 c5 2. d4 e6 3. e3 Nf6 4. Bb5 Qa5+ 5. Nc3 Nd5 6. Bd3 Nxc3 7. Bd2 cxd4 8.
exd4 Bb4 9. Bxc3 Bxc3+ 10. bxc3 Qxc3+ 11. Ke2 Nc6 12. Re1 b6 13. Kf1 Nxd4 14.
Nxd4 Qxd4 15. Qf3 Rb8 16. Rad1 Bb7 17. Be4 Qc4+ 18. Kg1 Ba6 19. Qa3 d5 20. Bd3
Qc5 21. Qxa6 O-O 22. Qb5 Rbc8 23. Qxc5 bxc5 24. c4 d4 25. a4 Rc6 26. Rb1 Re8 27.
Rb7 Ra6 28. Bc2 f5 29. Bxf5 Rxa4 30. g3 a5 31. Rxe6 Rf8 32. Re5 Rxc4 33. Be6+
Kh8 34. Bxc4 a4 35. Ree7 1-0

[Event "AUTO-INT-928"]
[Site "http://www.queenalice.com/game.php?id=496805"]
[Date "2008.11.22"]
[Round "2"]
[White "DGFerguson"]
[Black "grazo"]
[Result "0-1"]
[WhiteElo "1556"]
[BlackElo "1808"]

1. c4 e5 2. e3 Bb4 3. a3 Bd6 4. Nc3 c6 5. Nf3 h6 6. Ne4 Bc7 7. b4 b6 8. Bb2 d6
9. c5 d5 10. Ng3 f6 11. cxb6 axb6 12. Qc2 e4 13. Nd4 Bxg3 14. hxg3 Qd6 15. b5 c5
16. Nc6 Nxc6 17. bxc6 Qxc6 18. Rh5 Bg4 19. Rh4 h5 20. a4 Ne7 21. f3 Qd6 22. f4
Nf5 23. Bb5+ Ke7 24. Rh1 Nxg3 25. Rg1 g6 26. d4 Nf5 27. Kd2 Kf7 28. Qc3 c4 29.
Ba3 Qc7 30. Qb4 c3+ 31. Qxc3 Qxc3+ 32. Kxc3 Nxe3 33. g3 Nf5 34. Bd7 Ra7 35. Bxf5
Bxf5 36. Kb4 Bd7 37. Bb2 Rc8 38. Kb3 Rc4 39. Rgc1 Bxa4+ 40. Ka2 Bc2+ 41. Ba3 Bd3
0-1

[Event "AUTO-INT-935"]
[Site "http://www.queenalice.com/game.php?id=541993"]
[Date "2009.2.17"]
[Round "3"]
[White "grazo"]
[Black "erdnaxela"]
[Result "1-0"]
[WhiteElo "1832"]
[BlackElo "1688"]

1. Nf3 e6 2. d4 d5 3. e3 Nf6 4. h3 Bb4+ 5. c3 Ba5 6. Qa4+ c6 7. Nbd2 b5 8. Qc2
O-O 9. g4 Ba6 10. Bd3 g6 11. e4 dxe4 12. Nxe4 Nd5 13. Bh6 Re8 14. g5 f5 15. gxf6
Nxf6 16. Bg5 Rf8 17. Nxf6+ Rxf6 18. Bxg6 hxg6 19. Ne5 Rxf2 20. Qxg6+ Kf8 21.
Bxd8 Rxb2 22. Qf7# 1-0

[Event "AUTO-INT-935"]
[Site "http://www.queenalice.com/game.php?id=541994"]
[Date "2009.2.17"]
[Round "3"]
[White "erdnaxela"]
[Black "grazo"]
[Result "1-0"]
[WhiteElo "1646"]
[BlackElo "1831"]

1. e4 a6 2. Bc4 b5 3. Bd5 c6 4. Bb3 e6 5. e5 Qg5 6. g3 Qxe5+ 7. Ne2 Nh6 8. d4
Qe4 9. Rg1 Nf5 10. f3 Qxf3 11. Rf1 Qh5 12. h4 Bd6 13. Nf4 Qxd1+ 14. Kxd1 Nxd4
15. Nd2 Nxb3 16. Nxb3 a5 17. a4 b4 18. Be3 Be5 19. Bd4 d6 20. Bxe5 dxe5 21. Nd3
Nd7 22. Ndc5 Nf6 23. Re1 Ng4 24. Kd2 Nh2 25. Re3 Nf1+ 26. Rxf1 f6 27. g4 1-0

[Event "AUTO-INT-935"]
[Site "http://www.queenalice.com/game.php?id=541995"]
[Date "2009.2.17"]
[Round "3"]
[White "grazo"]
[Black "oentusiasta"]
[Result "0-1"]
[WhiteElo "1869"]
[BlackElo "1729"]

1. Nf3 Nc6 2. d4 e6 3. e3 Bb4+ 4. c3 Be7 5. a3 Nf6 6. Nbd2 O-O 7. Bd3 g6 8. Qc2
d5 9. h4 Qd6 10. Nh2 e5 11. dxe5 Nxe5 12. Ndf3 Nfg4 13. Nxe5 Nxe5 14. Be2 Bxh4
15. g3 Bf6 0-1

[Event "AUTO-INT-935"]
[Site "http://www.queenalice.com/game.php?id=541996"]
[Date "2009.2.17"]
[Round "3"]
[White "oentusiasta"]
[Black "grazo"]
[Result "1-0"]
[WhiteElo "1751"]
[BlackElo "1847"]

1. e4 a6 2. d4 e6 3. a3 d6 4. Nf3 h6 5. Nc3 c6 6. Bd3 Ne7 7. Be3 d5 8. e5 Ng8 9.
Qe2 Bd7 10. b4 Qb6 11. Na4 Qc7 12. c4 b6 13. c5 b5 14. Nc3 Ne7 15. O-O g6 16.
Qd2 Nf5 17. Bxf5 exf5 18. Bf4 1-0